000 00354nam a2200157Ia 4500
003 Ost
005 20260225132540.0
008 260225s9999||||xx |||||||||||||| ||und||
040 _cfsic
041 _afre
082 _a796.01
100 _aRaymond thomas
_eAuteur
245 0 _aLe sport et les médias /
245 0 _cRaymond thomas
942 _cكتاب
999 _c33489
_d33489